000 00619nam a2200229Ia 4500
003 OSt
005 20220918195001.0
006 a|||||r|||| 00| 0
007 ta
008 220917b |||||||| |||| 00| 0 eng d
024 _a82,825
037 _cTextual
040 _aARTS
_cARTS
_beng
041 _2eng
_aeng
082 _aS5:5xDPA,1, 15N4
100 _aPadmashri
_988326
245 0 _aNagar sarvaswanm with the comm of jagadijyotirmall ed hindi tr by Babulal shukla
260 _c1994
650 _aPSYCHOLOGY
942 _hS5:5xDPA,1, 15N4
_cTEXL
_2CC
999 _c206543
_d206543